00867nam a2200229 i 450000100060000000300090000600500170001500700030003200800410003502000180007608000220009424501530011626000670026930000520033650000580038850500270044665000320047365000350050570000420054071000220058285200330060466526ES-MaACL20260201140949.0t|040227s2002 sp ||||1| spa d a84-500-6793-6 a338.5:63(460)"18"04aLos precios agrícolas durante la segunda mitad del siglo XIX / crecopilación, análisis y estudio preliminar por Nicolás Sánchez-Albornoz. aMadrid : bServicio de Estudios del Banco de España, c1975- av. : bgráf., gráf. pleg., mapas ; c24 cm. a"Materiales para la historia económica de España"8 aVol. I. Trigo y cebada14aPrecios-zEspaña-yS.XIX.14aAgricultura-zEspaña-yS.XIX1 aSánchez-Albornoz, Nicolás,d1926-2 aBanco de España aES-MaACLjL-26999 bR.132602